LEADER 01270nam a2200313 a 4500 001 000000122536 003 CaOOAMICUS 005 20100719131625.0 008 100719t2003 it u000 u ita r 020 $a978-88-15-09312-7 040 $aPUL$bita$dReb 041 1 $aita$heng 082 04$a909 100 1 $aHall, Mitchell K.$0(OLS)http://pul/name/74437 240 10$aVietnam war$lItaliano.$0(OLS)http://pul/title/149850 245 13$aLa guerra del Vietnam /$cMitchell K. Hall. 260 $aBologna :$bIl Mulino,$cİ2003. 300 $a192 p. ;$c21 cm. 490 1 $aUniversale paperbacks Il Mulino ;$v440 504 $aBibliografia p. 179-183. 651 4$aVietnam$xStoria$ySec. XX.$0(OLS)http://pul/subject/25136 830 0$aUniversale paperbacks Il Mulino ;$v440.$0(OLS)http://pul/title/190 850 $aPUL 852 $aPUL$W1$xDP2 Filosofia 3$y112$m909 COLL 2.440$j140737$aRistampa del 2007$qDDC 21$B139825$CPULBib$Z2$F139825 $H114274 $82 941 1 $a9 996 $6020$a978-88-15-09312-7$9(OLS)http://pul/number/144927 996 $6082$a909$9(OLS)http://pul/classification/566 996 $6245$aLa guerra del Vietnam$9(OLS)http://pul/title/149851 996 $6260$aBologna :$bIl Mulino$9(OLS)http://pul/publisher/47928 LEADER 01658cam a2200337 a 4500 001 000000158287 003 CaOOAMICUS 005 20170127101009.0 008 170127s2017 enk b 000 u eng r 020 $a9780567672537* 032 $aLibriCat 040 $aPUL$bita 082 04$a225.6 100 1 $aTofighi, Fatima.$0(OLS)http://pul/name/101073 245 10$aPaul's letters and the construction of the European self /$cFatima Tofighi. 260 $aLondon, New York :$bBloomsbury T&T Clark,$c2017. 300 $axvi, 151 p. ;$c24 cm. 490 1 $aLibrary of New Testament studies ;$v572 490 1 $aLibrary of New Testament studies. Scriptural traces: critical perspectives on the reception and influence of the Bible ;$v10 504 $aInclude bibliografia e indici. 630 04$aBiblia.$pN.T.$pPetri epistolae$xCommenti.$0(OLS)http://pul/subject/37642 830 0$aLibrary of New Testament studies.$pScriptural traces: critical perspectives on the reception and influence of the Bible ;$v10.$0(OLS)http://pul/title/177881 830 0$aLibrary of New Testament studies ;$v572.$0(OLS)http://pul/title/158087 850 $aPUL 852 $aPUL$W1$xSL Religione 3$y85$m225. 6 COLL 1.572$j181617$qDDC 21$B184767$CPULBib$Z2$F184767 $H128846 $81 941 1 $a9 996 $6020$a9780567672537*$9(OLS)http://pul/number/161953 996 $6082$a225.6$9(OLS)http://pul/classification/1734 996 $6245$aPaul's letters and the construction of the European self$9(OLS)http://pul/title/197911 996 $6260$aLondon, New York :$bBloomsbury T&T Clark$9(OLS)http://pul/publisher/82359